000 03025cam a22005174i 4500
003 PE-LiUPU
005 20250731173403.0
008 150706s2009 flu rb 000 0 spa d
020 _a9780829755718
035 _a(Sirsi) i9780829755718
040 _aPE-LiUPU
_bspa
_cPE-LiUPU
_erda
049 _aPRUA
082 0 4 _a230.072
_bW35
_221
100 1 _aWeber de Vyhmeister, Nancy,
_eautor.
245 1 0 _aManual de investigación teológica /
_cNancy Weber de Vyhmeister.
264 1 _aMiami, Florida :
_bVida,
_c2009.
300 _a336 páginas ;
_c23 centímetros.
336 _atext
_2rdacontent
337 _aunmediated
_2rdamedia
338 _avolume
_2rdacarrier
490 0 _aBiblioteca Teológica Vida ;
_v12
504 _aIncluye bibliografía.
505 0 _a¿Qué es la investigación? -- Tipos de investigación en la educación teológica -- Exégesis bíblica -- Investigación temática -- Investigación descriptiva -- El desarrollo de programas como investigación -- El estudio de casos como investigación -- Escritos para publicación -- Tesis para títulos académicos de Posgrado -- Tesis para títulos profesionales de Posgrado -- Recursos y técnicas para la investigación -- La biblioteca -- Internet en la investigación -- La selección del tema -- La planificación de la investigación -- Registro bibliográfico -- La forma de pensar en la investigación -- Lectura, evaluación y apuntes -- Organización del trabajo -- La redacción del trabajo -- Referencias y notas -- La estadística y sus representaciones gráficas -- Formato de presentación -- Formato del trabajo de investigación -- Notas de pie de página y entradas bibliográficas -- Referencias parentéticas y listas de referencia.
526 _aSEG42
526 _aSEG41
526 _aSEG40
526 _aSEG39
526 _aP94
526 _aP87
526 _aP86
526 _aP85
526 _aP77
526 _aP76
526 _aP35
541 _g001-0000520;
541 _g001-0000566;
650 0 4 _aTeología
_xInvestigación
_vManuales.
910 _bjv
_clch
_d201120523
942 _2ddc
_cBOOK
949 _a230.072 W35
_wDEWEY
_c1
_i63243
_lCCODEBUL1
_mBUL
_p16.00
_r0
_sY
_tBOOK
_u2015-7-6
_xTEOLOGIA
_PP35
_o.STAFF. Colección General
949 _a230.072 W35
_wDEWEY
_c2
_i64682
_lCCODEBUL1
_mBUL
_p16.00
_r0
_sY
_tBOOK
_u2015-7-6
_xTEOLOGIA
_PP35
_o.STAFF. Colección General
994 _aC0
_bPEPRU
596 _a1
999 _a230.072 W35
_wDEWEY
_c52244
_i63243
_d52244
_e2022-7-12
_f2022-4-12
_g6
_lCCODEBUL1
_mBUL
_n6
_p16.00
_q6
_r0
_sY
_tBOOK
_u2015-7-6
_xTEOLOGIA
_PP35
_0COMPRA
_o.STAFF. Colección Teología
999 _a230.072 W35
_wDEWEY
_c2
_i64682
_d2018-10-22
_e2018-10-10
_f2021-11-11
_g6
_lCCODEBUL1
_mBUL
_n10
_p16.00
_q5
_r0
_sY
_tBOOK
_u2015-7-6
_xTEOLOGIA
_PP35
_0COMPRA
_o.STAFF. Colección Teología
980 _81
_gALBERTO SANCHEZ Responsable de Automatización